000 01685cam a22004574i 4500
003 PE-LiUPU
005 20250731173444.0
008 150616s r 000 0 d
035 _a(Sirsi) a5828
040 _aPE-LiUPU
_bspa
_cPE-LiUPU
_erda
049 _aPRUA
082 0 4 _a253.5
_bV37
_221
100 1 _aVaughan, Richard P,
_eautor.
245 1 0 _aOrientación Sicologica Humanístico-Cristiana: Introducción al counseling religioso.
264 1 _aLima :
_bCentro de Proyección Cristiano,
_c1983.
300 _a185 páginas ;
_c20 cm.
336 _atext
_2rdacontent
337 _aunmediated
_2rdamedia
338 _avolume
_2rdacarrier
504 _anotas bibliográficas.
505 0 _aEnfoques en counseling.- La naturaleza del counseling religioso.- El consejero como persona.- Empatía y aceptación.- El mundo experiencial.- Sentimientos y emociones.- Las necesidades del aconsejado.- La persona anormal.
526 _aSEG42
526 _aSEG41
526 _aSEG40
526 _aSEG39
526 _aP94
526 _aP87
526 _aP86
526 _aP85
526 _aP77
526 _aP76
526 _aP35
650 0 4 _aCONSEJERIA PASTORAL.
_91495
910 _ajck
_bjvq
_cjck
942 _2ddc
_cBOOK
949 _a253.5 V37
_wDEWEY
_c1
_i39221
_lCCODEBUL1
_mBUL
_p00.00
_r0
_sY
_tBOOK
_u19951009
_xTEOLOGIA
_zUNKNOWN
_0COMPRA
_o.STAFF. Colección General
994 _aC0
_bPEPRU
596 _a1
999 _a253.5 V37
_wDEWEY
_c56897
_i39221
_d56897
_f2021-11-10
_g5
_lCCODEBUL1
_mBUL
_q1
_r0
_sY
_tBOOK
_u2015-6-16
_xTEOLOGIA
_zUNKNOWN
_0COMPRA
_o.STAFF. Colección General
980 _81
_gALBERTO SANCHEZ Responsable de Automatización